[Event "Frankfurt Ch A 2015"]
[Site "Ffm-Höchst, BiKuZ"]
[Date "2015.06.01"]
[Round "5.5"]
[White "Minor, Samuel"]
[Black "Schwenkreis, Thomas"]
[Result "1-0"]
[WhiteElo "2131"]
[BlackElo "2031"]
[PlyCount "109"]
[EventDate "2015.??.??"]
[WhiteTeam "Wiesbadener SV"]
[BlackTeam "SC Brett vorm Kopp"]

1. e4 e5 2. Nf3 Nc6 3. Bc4 Nf6 4. d3 Be7 5. O-O d6 6. c3 O-O 7. Bb3 Bg4 8. h3
Bd7 9. Re1 Qc8 10. d4 h6 11. Nbd2 Re8 12. Nf1 Bf8 13. Ng3 Na5 14. Bc2 c5 15.
dxe5 dxe5 16. Qe2 a6 17. b3 b5 18. Bb2 Nc6 19. a4 Rb8 20. Bd3 Qb7 21. Nd2 Ne7
22. axb5 axb5 23. Ra5 Ng6 24. Qe3 Nf4 25. Bf1 Bc6 26. Rea1 Nd7 27. Ra7 Qc8 28.
Kh2 c4 29. Ba3 cxb3 30. Bxf8 Rxf8 31. Nxb3 Nb6 32. Nf5 Ng6 33. h4 Qe6 34. Nc5
Qf6 35. g3 Rfe8 36. Na6 Rb7 37. Rxb7 Bxb7 38. Nc7 Rc8 39. Nxb5 Rd8 40. h5 Nf8
41. Ra7 Rd7 42. Nbd6 Bxe4 43. Rxd7 Bxf5 44. Rxf7 Qxd6 45. Rxf5 Nfd7 46. f4 Qe6
47. Bh3 Qa2+ 48. Bg2 Nd5 49. Qd3 N7f6 50. fxe5 Ne3 51. Qd8+ Kh7 52. Qa8 Nfg4+
53. Kh3 Nf2+ 54. Rxf2 Qe6+ 55. Kh2 1-0

[Event "Frankfurt Ch A 2015"]
[Site "Ffm-Höchst, BiKuZ"]
[Date "2015.06.01"]
[Round "5.6"]
[White "Kaiser, Elmar"]
[Black "Lebermann, Hellmuth"]
[Result "1-0"]
[WhiteElo "2172"]
[BlackElo "1935"]
[PlyCount "49"]
[EventDate "2015.??.??"]
[WhiteTeam "SK Tauberbischofsheim"]
[BlackTeam "SK Bad Homburg"]

1. d4 d5 2. c4 e6 3. Nf3 Nf6 4. Bg5 Be7 5. e3 O-O 6. Nc3 Nbd7 7. Rc1 c6 8. Bd3
h6 9. Bh4 Nh5 10. Bxe7 Qxe7 11. g4 Nhf6 12. g5 hxg5 13. Nxg5 e5 14. dxe5 Nxe5
15. cxd5 Bg4 16. Be2 Rad8 17. f4 Nc4 18. e4 Bxe2 19. Qxe2 cxd5 20. e5 Nh7 21.
h4 Qc5 22. Qh5 Qe3+ 23. Ne2 Qd3 24. Rh3 Qd2+ 25. Kf2 1-0

[Event "Frankfurt Ch A 2015"]
[Site "Ffm-Höchst, BiKuZ"]
[Date "2015.06.01"]
[Round "5.7"]
[White "Kellerwessel, Ralf"]
[Black "Koch, Markus"]
[Result "1-0"]
[WhiteElo "1913"]
[BlackElo "2123"]
[PlyCount "77"]
[EventDate "2015.??.??"]
[WhiteTeam "SC Bad Soden"]
[BlackTeam "SC Brett vorm Kopp"]

1. e4 c5 2. d4 cxd4 3. c3 Nf6 4. e5 Nd5 5. cxd4 e6 6. Nc3 Nc6 7. Nf3 d6 8. exd6
Bxd6 9. Be2 O-O 10. O-O h6 11. Be3 Nxc3 12. bxc3 b6 13. c4 Bb7 14. Rb1 Rc8 15.
c5 Bc7 16. Qa4 Qe7 17. Rfc1 Rfd8 18. Ba6 Bxa6 19. Qxa6 bxc5 20. dxc5 Qd7 21.
Qa4 e5 22. Rd1 Qe6 23. h3 f5 24. Qb3 Kf7 25. g3 g5 26. Qc2 Rg8 27. Rb7 f4 28.
Rd6 fxe3 29. Rxe6 exf2+ 30. Kxf2 Kxe6 31. Qh7 Ne7 32. Qxh6+ Rg6 33. Qh5 Kd5 34.
Qg4 Re6 35. Kg2 Rf6 36. Nxg5 Bd6 37. Rxe7 Bxc5 38. Qe4+ Kd6 39. Qxe5+ 1-0

[Event "Frankfurt Ch A 2015"]
[Site "Ffm-Höchst, BiKuZ"]
[Date "2015.06.01"]
[Round "5.8"]
[White "Kaulfuss, Helmut"]
[Black "Rudolph, Lukas"]
[Result "1/2-1/2"]
[WhiteElo "2046"]
[BlackElo "1899"]
[PlyCount "120"]
[EventDate "2015.??.??"]
[WhiteTeam "SV Hofheim"]
[BlackTeam "SK Niederbrechen"]

1. e4 d5 2. Nc3 d4 3. Nce2 e5 4. Ng3 Be6 5. Nf3 Nd7 6. Be2 f6 7. d3 Bc5 8. O-O
Ne7 9. h3 O-O 10. Nh2 b5 11. f4 exf4 12. Bxf4 Ng6 13. Bd2 Bb6 14. Bg4 Bf7 15.
Bxd7 Qxd7 16. Nf5 Be6 17. g4 c5 18. Nf3 Bc7 19. N3h4 Bxf5 20. Nxf5 Qe6 21. Qe2
Rae8 22. b3 Qe5 23. Qf2 Ne7 24. Nxe7+ Rxe7 25. a4 b4 26. Qg2 Qg3 27. Rf3 Qxg2+
28. Kxg2 h6 29. Raf1 Ref7 30. h4 a5 31. Kh3 Be5 32. h5 Kh7 33. Rf5 Re7 34. g5
hxg5 35. Bxg5 Rg8 36. Bh4 Kh6 37. Rg1 Rge8 38. Rg6+ Kh7 39. Rf2 Rd7 40. Rfg2
Bf4 41. h6 Bxh6 42. R6g4 Re5 43. Bg3 Rh5+ 44. Rh4 Rxh4+ 45. Kxh4 g6 46. Kg4 Bf8
47. Rh2+ Kg7 48. Bf4 Bd6 49. Bh6+ Kg8 50. Rf2 Be5 51. Rf3 Re7 52. Rh3 Rh7 53.
Rh4 Kf7 54. Bg5 Rxh4+ 55. Bxh4 Ke6 56. Be1 Bc7 57. Bd2 Be5 58. Bh6 Bc7 59. Bf8
Bd6 60. Bh6 Bc7 1/2-1/2

[Event "Frankfurt Ch A 2015"]
[Site "Ffm-Höchst, BiKuZ"]
[Date "2015.06.01"]
[Round "5.9"]
[White "Zimpfer, Andreas"]
[Black "Drill, Frank"]
[Result "1/2-1/2"]
[WhiteElo "1890"]
[BlackElo "2024"]
[PlyCount "40"]
[EventDate "2015.??.??"]
[WhiteTeam "SC Butzbach"]
[BlackTeam "SF Neuberg"]

1. d4 d5 2. c4 e5 3. dxe5 d4 4. a3 Nc6 5. Nf3 Be6 6. e3 dxe3 7. Qxd8+ Rxd8 8.
Bxe3 Nge7 9. Nc3 Ng6 10. Rd1 Rxd1+ 11. Kxd1 Ngxe5 12. Nxe5 Nxe5 13. c5 Bb3+ 14.
Kc1 Be7 15. Bb5+ c6 16. Ba4 Be6 17. Rd1 O-O 18. Ne4 Bd5 19. Bc2 Ng4 20. Bd4 Re8
1/2-1/2

[Event "Frankfurt Ch A 2015"]
[Site "Ffm-Höchst, BiKuZ"]
[Date "2015.06.01"]
[Round "5.10"]
[White "Gutacker, Stephan"]
[Black "Roggensack, Hans Peter"]
[Result "1/2-1/2"]
[WhiteElo "1809"]
[BlackElo "1998"]
[PlyCount "92"]
[EventDate "2015.??.??"]
[WhiteTeam "Sfr. Kelkheim"]
[BlackTeam "SF Frankfurt"]

1. e4 e6 2. d4 d5 3. Bd3 dxe4 4. Bxe4 Nf6 5. Bg5 Be7 6. Bd3 Nbd7 7. Nf3 O-O 8.
O-O c5 9. c3 b6 10. Nbd2 Bb7 11. Qe2 cxd4 12. cxd4 Nd5 13. Qe4 g6 14. Qh4 f6
15. Bh6 Re8 16. Qg3 Nf8 17. Bb5 Bd6 18. Qh4 Re7 19. Ne4 Rf7 20. Rac1 Rc8 21.
Qh3 Bf4 22. Rxc8 Bxc8 23. Bxf4 Nxf4 24. Qg3 Qc7 25. Re1 Bb7 26. h4 Kg7 27. Nc3
Nd5 28. Rc1 Qxg3 29. fxg3 Rc7 30. a3 Nd7 31. Bxd7 Rxd7 32. Nxd5 Bxd5 33. Kf2
Kf7 34. Ke3 Ke7 35. g4 Kd8 36. Rc2 h5 37. g5 Bxf3 38. gxf3 fxg5 39. hxg5 Rd5
40. f4 Kd7 41. Ke4 Rb5 42. Rd2 Rf5 43. Rc2 Rf7 44. Ke5 Rf8 45. Rc3 Rf5+ 46. Ke4
Rb5 1/2-1/2

[Event "Frankfurt Ch A 2015"]
[Site "Ffm-Höchst, BiKuZ"]
[Date "2015.06.01"]
[Round "5.11"]
[White "Perlitz, Sven"]
[Black "Lemonidis, Christos"]
[Result "1-0"]
[WhiteElo "1997"]
[BlackElo "1686"]
[PlyCount "79"]
[EventDate "2015.??.??"]
[WhiteTeam "SC Nied"]
[BlackTeam "SC Nied"]

1. e4 d6 2. d4 g6 3. Be3 Bg7 4. Be2 Nd7 5. c4 e5 6. Nc3 Ne7 7. Nf3 O-O 8. h4 f5
9. Bg5 h6 10. Bxe7 Qxe7 11. dxe5 Nxe5 12. Qb3 Kh8 13. O-O-O Ng4 14. Nd5 Qf7 15.
Ng5 hxg5 16. hxg5+ Kg8 17. c5 Be6 18. Qh3 Rfe8 19. Qh7+ Kf8 20. Nf4 Ne5 21. b3
Qg8 22. Nxe6+ Qxe6 23. f4 Re7 24. Rd5 Nd7 25. Bc4 Bb2+ 26. Kxb2 Rxh7 27. Rxh7
Ke8 28. exf5 gxf5 29. Re5 dxe5 30. Bxe6 Nf8 31. g6 Nxe6 32. Rh8+ Ke7 33. Rxa8
e4 34. Rxa7 Kf6 35. Rxb7 Kxg6 36. g3 Kh5 37. Kc3 Kg4 38. b4 Kf3 39. Rb8 e3 40.
Re8 $138 1-0

[Event "Frankfurt Ch A 2015"]
[Site "Ffm-Höchst, BiKuZ"]
[Date "2015.06.01"]
[Round "5.12"]
[White "Reimer, Otto"]
[Black "Calvi, Stefan"]
[Result "1/2-1/2"]
[WhiteElo "1791"]
[BlackElo "1980"]
[PlyCount "112"]
[EventDate "2015.??.??"]
[WhiteTeam "SK Bad Homburg"]
[BlackTeam "SF Frankfurt"]

1. e4 c5 2. Nf3 Nc6 3. d4 cxd4 4. Nxd4 Nf6 5. Nc3 e5 6. Nb3 Bb4 7. f3 d5 8.
exd5 Nxd5 9. Bd2 Nxc3 10. bxc3 Bd6 11. Bd3 Qh4+ 12. g3 Qh3 13. Bf1 Qh5 14. Be3
O-O 15. Bg2 Qg6 16. Nd2 f5 17. Nc4 Bc7 18. O-O Be6 19. Nb2 f4 20. Bf2 e4 21.
fxe4 fxg3 22. Bxg3 Bxg3 23. hxg3 Qxg3 24. Qd3 Qg5 25. Nc4 Qc5+ 26. Ne3 Rfd8 27.
Qe2 Qxc3 28. Nd5 Qc5+ 29. Qf2 Qxf2+ 30. Rxf2 Rf8 31. Rd2 Rf7 32. a3 Ne5 33. Rf1
Rxf1+ 34. Kxf1 Rf8+ 35. Kg1 Nf3+ 36. Bxf3 Rxf3 37. Nc7 Kf7 38. Nb5 Kf6 39. e5+
Ke7 40. Rd6 Re3 41. Nxa7 Rxa3 42. Nb5 Ra5 43. Rb6 Bd7 44. c4 Bc6 45. Nd4 Rxe5
46. Nxc6+ bxc6 47. Rxc6 Kd7 48. Ra6 Rc5 49. Ra7+ Rc7 50. Ra4 Kd6 51. Kf2 g5 52.
Kf3 Ke5 53. Kg4 h6 54. Ra5+ Ke4 55. Ra6 Rh7 56. Rd6 Rc7 1/2-1/2

[Event "Frankfurt Ch A 2015"]
[Site "Ffm-Höchst, BiKuZ"]
[Date "2015.06.01"]
[Round "5.13"]
[White "Stricker, Konstantin"]
[Black "Willems, Matthias"]
[Result "0-1"]
[WhiteElo "1666"]
[BlackElo "1949"]
[PlyCount "46"]
[EventDate "2015.??.??"]
[WhiteTeam "SC Eschbach"]
[BlackTeam "SC Bad Nauheim"]

1. e4 e5 2. Nf3 Nc6 3. Bb5 a6 4. Ba4 Nf6 5. O-O Be7 6. Re1 b5 7. Bb3 d6 8. c3
O-O 9. h3 Nb8 10. d4 Nbd7 11. Nbd2 Bb7 12. a4 c5 13. Bc2 Qc7 14. b3 cxd4 15.
cxd4 Rfc8 16. Ra2 exd4 17. Nxd4 Nc5 18. Nf5 Bf8 19. Bb1 Ncxe4 20. Rc2 Nc3 21.
Re7 Bxe7 22. Rxc3 Qxc3 23. Nxe7+ Kf8 0-1

[Event "Frankfurt Ch A 2015"]
[Site "Ffm-Höchst, BiKuZ"]
[Date "2015.06.01"]
[Round "5.14"]
[White "Reschke, Stefan"]
[Black "Dreis, Volker"]
[Result "1-0"]
[WhiteElo "2259"]
[BlackElo "1847"]
[PlyCount "111"]
[EventDate "2015.??.??"]
[WhiteTeam "SV Oberursel"]
[BlackTeam "SV Frankfurt Nord"]

1. c4 e5 2. g3 Nf6 3. Bg2 Nc6 4. Nc3 Bc5 5. Nf3 O-O 6. O-O a6 7. e3 d6 8. d4
exd4 9. Nxd4 Bxd4 10. exd4 h6 11. h3 Re8 12. Be3 Bf5 13. g4 Be4 14. Nxe4 Nxe4
15. d5 Nb8 16. Qd4 Nf6 17. g5 hxg5 18. Bxg5 Nbd7 19. Rae1 Rxe1 20. Rxe1 Qf8 21.
Re3 Re8 22. h4 Rxe3 23. Qxe3 Qe8 24. b3 Qxe3 25. Bxe3 Kh7 26. Bh3 Kg6 27. Kg2
b6 28. Bg5 Ne5 29. f4 Nd3 30. Kf3 Nb4 31. Bf1 Nxa2 32. Bd3+ Kh5 33. f5 Ng4 34.
Kg3 Nc3 35. Bd8 Ne5 36. Bf1 c6 37. dxc6 Nxc6 38. Bxb6 g6 39. fxg6 Kxg6 40. Kf4
d5 41. Bg2 dxc4 42. bxc4 Ne7 43. Ba5 Ne2+ 44. Ke3 Ng3 45. Be1 Ngf5+ 46. Kf4 Nd4
47. Ke5 Nb3 48. Bb4 Nc8 49. Be4+ Kh5 50. Bc2 a5 51. Be1 a4 52. Bf2 f5 53. c5
Ne7 54. Bd1+ Kg6 55. Kd6 Kf7 56. c6 1-0

[Event "Frankfurt Ch A 2015"]
[Site "Ffm-Höchst, BiKuZ"]
[Date "2015.06.01"]
[Round "5.15"]
[White "Benninger, Rudolf"]
[Black "Makilla, Tobias"]
[Result "1-0"]
[WhiteElo "1970"]
[BlackElo "1767"]
[PlyCount "85"]
[EventDate "2015.??.??"]
[WhiteTeam "SC Heusenstamm"]
[BlackTeam "SC Hattersheim"]

1. e4 e5 2. Nf3 Nc6 3. Bc4 Bc5 4. c3 Nf6 5. d3 h6 6. b4 Bb6 7. Nbd2 O-O 8. Nf1
Ne7 9. Ng3 c6 10. O-O Bc7 11. Re1 d5 12. Bb3 dxe4 13. dxe4 Bg4 14. Qe2 Ng6 15.
h3 Nf4 16. Bxf4 exf4 17. Nf5 Bxf5 18. exf5 Re8 19. Qc4 Nd5 20. Rxe8+ Qxe8 21.
Re1 Qd7 22. b5 Rd8 23. bxc6 Qxc6 24. Qxc6 bxc6 25. c4 Nf6 26. Kf1 Kf8 27. Ne5
Bxe5 28. Rxe5 Rc8 29. Ke2 g5 30. fxg6 fxg6 31. Kf3 g5 32. Re6 Kf7 33. c5 Kg6
34. Re7 Rb8 35. Bc2+ Kh5 36. Re6 Rb2 37. Bf5 g4+ 38. hxg4+ Kg5 39. Re7 Rxa2 40.
Rg7+ Kh4 41. g3+ fxg3 42. fxg3+ Kh3 43. g5+ 1-0

[Event "Frankfurt Ch A 2015"]
[Site "Ffm-Höchst, BiKuZ"]
[Date "2015.06.01"]
[Round "5.16"]
[White "Kretner, Georg-Ulrich"]
[Black "Biegel, Thomas"]
[Result "1/2-1/2"]
[WhiteElo "1874"]
[BlackElo "1961"]
[PlyCount "44"]
[EventDate "2015.??.??"]
[WhiteTeam "SC Bad Nauheim"]
[BlackTeam "SVG Eppstein"]

1. d4 Nf6 2. Nf3 d5 3. c4 c6 4. Nc3 a6 5. e3 b5 6. cxb5 cxb5 7. Bd3 Nc6 8. O-O
Bg4 9. h3 Bh5 10. Bd2 e6 11. Rc1 Qb6 12. Qe2 Be7 13. Nxb5 Bxf3 14. gxf3 O-O 15.
Nc3 e5 16. Na4 Qb7 17. Nc5 Bxc5 18. Rxc5 exd4 19. Rfc1 Ne5 20. b3 dxe3 21. Bxe3
Nxd3 22. Qxd3 Rfc8 1/2-1/2

[Event "Frankfurt Ch A 2015"]
[Site "Ffm-Höchst, BiKuZ"]
[Date "2015.06.01"]
[Round "5.17"]
[White "Seickel, Ralf"]
[Black "Fischer, Ulrich"]
[Result "1-0"]
[WhiteElo "1937"]
[BlackElo "1740"]
[PlyCount "57"]
[EventDate "2015.??.??"]
[WhiteTeam "vereinslos"]
[BlackTeam "Frankfurter TV"]

1. c4 c6 2. g3 d5 3. Nf3 Nf6 4. Bg2 Bf5 5. cxd5 cxd5 6. Qb3 Nc6 7. Qxb7 Bd7 8.
Qb3 Rb8 9. Qd1 e5 10. O-O Bd6 11. b3 O-O 12. Bb2 Qe7 13. d3 Rfc8 14. Nbd2 Rc7
15. a3 Na5 16. b4 Nc6 17. Nb3 Rcb7 18. Bc3 Be6 19. d4 e4 20. Ne1 Bf5 21. Nc2 a5
22. Nc5 Bxc5 23. dxc5 axb4 24. axb4 Be6 25. Ra6 Na7 26. Nd4 Qe8 27. c6 Rc7 28.
Qa4 Nc8 29. b5 1-0

[Event "Frankfurt Ch A 2015"]
[Site "Ffm-Höchst, BiKuZ"]
[Date "2015.06.01"]
[Round "5.18"]
[White "Egenolf, Dirk"]
[Black "Hochmuth, Christian"]
[Result "1/2-1/2"]
[WhiteElo "1930"]
[BlackElo "1795"]
[PlyCount "40"]
[EventDate "2015.??.??"]
[WhiteTeam "SK Niederbrechen"]
[BlackTeam "SG Wächtersbach"]

1. e4 c6 2. d4 d5 3. exd5 cxd5 4. c4 Nf6 5. Nc3 e6 6. Nf3 Be7 7. Bf4 O-O 8. c5
b6 9. b4 bxc5 10. bxc5 Nc6 11. Bb5 Bb7 12. O-O Ne4 13. Qc2 g5 14. Be3 Nxc3 15.
Qxc3 f6 16. Rab1 Qc7 17. Qd2 Rf7 18. Qe2 Rg7 19. Rfd1 Qc8 20. Qd2 Bd8 1/2-1/2

[Event "Frankfurt Ch A 2015"]
[Site "Ffm-Höchst, BiKuZ"]
[Date "2015.06.01"]
[Round "5.19"]
[White "Rolf, Marco"]
[Black "Larem, Peter"]
[Result "1-0"]
[WhiteElo "1913"]
[BlackElo "1737"]
[PlyCount "67"]
[EventDate "2015.??.??"]
[WhiteTeam "SK Bad Homburg"]
[BlackTeam "SG Rödermark"]

1. d4 Nf6 2. c4 c5 3. d5 b5 4. cxb5 a6 5. b6 Qxb6 6. Nc3 g6 7. e4 d6 8. Nf3 Bg7
9. Be2 O-O 10. Nd2 Nbd7 11. Nc4 Qc7 12. Bf4 Bb7 13. O-O Nb6 14. Ne3 Nfd7 15. a4
a5 16. Bg3 Qd8 17. f4 Bd4 18. Bf2 Ba6 19. Qd2 Nf6 20. Bxa6 Rxa6 21. Qd3 Qc8 22.
Rac1 Nh5 23. g3 e5 24. dxe6 fxe6 25. Nb5 Bxe3 26. Bxe3 Nxa4 27. f5 gxf5 28.
exf5 Nf6 29. fxe6 Ng4 30. e7 Rf7 31. Rxf7 Kxf7 32. Rf1+ Kxe7 33. Qxh7+ Ke6 34.
Qf7+ 1-0

[Event "Frankfurt Ch A 2015"]
[Site "Ffm-Höchst, BiKuZ"]
[Date "2015.06.01"]
[Round "5.22"]
[White "Benikhis, Avram"]
[Black "Teschler, Ulrich"]
[Result "0-1"]
[WhiteElo "1724"]
[BlackElo "2001"]
[PlyCount "102"]
[EventDate "2015.??.??"]
[WhiteTeam "SC Eschbach"]
[BlackTeam "SV Fechenheim"]

1. d4 Nf6 2. c4 c5 3. d5 b5 4. b3 Ba6 5. Qc2 d6 6. e4 bxc4 7. bxc4 Nbd7 8. Nd2
g6 9. Bb2 Bg7 10. f4 O-O 11. Ngf3 Rb8 12. Bc3 e6 13. dxe6 fxe6 14. Ng5 Qe7 15.
Be2 h6 16. Nh3 Qf7 17. O-O d5 18. e5 Ne8 19. Qa4 Nc7 20. Ba5 Nb6 21. Qc2 Rfc8
22. Bd3 Kh7 23. Nf3 dxc4 24. Nfg5+ hxg5 25. Nxg5+ Kg8 26. Nxf7 cxd3 27. Nh6+
Bxh6 28. Qxc5 Ncd5 29. Qd6 Re8 30. Bxb6 Rxb6 31. Qd7 Re7 32. Qd8+ Kg7 33. Rfb1
Bxf4 34. Rxb6 Be3+ 35. Kh1 Bxb6 36. Qd6 Bb7 37. Rd1 Bc7 38. Qa3 Bxe5 39. Rxd3
Rf7 40. Rf3 Nf4 41. Qe3 Bc7 42. Qxa7 Bxf3 43. gxf3 Rd7 44. h4 Rd1+ 45. Kh2 Nd5+
46. Kh3 Rd2 47. f4 Nxf4+ 48. Kg4 Nd5 49. a4 Rd3 50. h5 Rg3+ 51. Kh4 g5# 0-1

[Event "Frankfurt Ch A 2015"]
[Site "Ffm-Höchst, BiKuZ"]
[Date "2015.06.01"]
[Round "5.23"]
[White "Zimmer, Gerald"]
[Black "Orlinski, Wolfgang"]
[Result "1/2-1/2"]
[WhiteElo "1819"]
[BlackElo "2004"]
[PlyCount "52"]
[EventDate "2015.??.??"]
[WhiteTeam "SC Bergen-Enkheim"]
[BlackTeam "SF Frankfurt"]

1. d4 e6 2. g3 d5 3. Bg2 Nf6 4. Nf3 c5 5. c4 Nc6 6. cxd5 exd5 7. Nc3 cxd4 8.
Nxd4 Qb6 9. e3 Nxd4 10. exd4 Be6 11. O-O Be7 12. Na4 Qb5 13. Bg5 O-O 14. b3 b6
15. Re1 Qd7 16. Bf1 Rac8 17. Bf4 Bd6 18. Bxd6 Qxd6 19. Ba6 Rc7 20. Rc1 Bc8 21.
Bd3 Bg4 22. Qd2 Rfc8 23. Ba6 Rxc1 24. Rxc1 Rxc1+ 25. Qxc1 Bd7 26. Nc3 g6
1/2-1/2

[Event "Frankfurt Ch A 2015"]
[Site "Ffm-Höchst, BiKuZ"]
[Date "2015.06.01"]
[Round "5.24"]
[White "Barisch, Florian"]
[Black "Gräbner, Walter"]
[Result "0-1"]
[WhiteElo "1789"]
[BlackElo "1955"]
[PlyCount "120"]
[EventDate "2015.??.??"]
[WhiteTeam "SC Butzbach"]
[BlackTeam "SC Nied"]

1. e4 c6 2. d4 d5 3. exd5 cxd5 4. Bd3 Nc6 5. c3 Nf6 6. Bf4 e6 7. Nf3 Be7 8.
Nbd2 O-O 9. Ne5 Nxe5 10. Bxe5 Bd6 11. h4 Bxe5 12. dxe5 Nd7 13. Nf3 f6 14. Qc2
Nxe5 15. Bxh7+ Kh8 16. O-O-O Bd7 17. Rhe1 Qc7 18. Nxe5 fxe5 19. Bg6 e4 20. Qe2
Qf4+ 21. Kb1 Rf6 22. Qh5+ Qh6 23. Qxh6+ gxh6 24. Bxe4 Rxf2 25. Bf3 b5 26. Rd4
Kg7 27. Bxd5 exd5 28. Re7+ Rf7 29. Rxf7+ Kxf7 30. Rxd5 Ke6 31. Rh5 Rh8 32. g4
Be8 33. Rc5 Kd6 34. b4 Rf8 35. g5 Rf4 36. gxh6 Rxh4 37. Rc8 Bg6+ 38. Kb2 Rxh6
39. Rb8 Rh2+ 40. Ka1 Kc6 41. a3 Bf7 42. Rf8 Bc4 43. Rf6+ Kd5 44. Rf4 Ra2+ 45.
Kb1 Rxa3 46. Kc2 Ra2+ 47. Kc1 Bb3 48. Rf5+ Kc4 49. Rc5+ Kd3 50. Kb1 Bc4 51. Rh5
Kxc3 52. Rh3+ Kxb4 53. Rh4 Rg2 54. Ka1 a5 55. Kb1 Ka3 56. Rh3+ Bb3 57. Rh1 b4
58. Ka1 a4 59. Kb1 Ba2+ 60. Kc1 Bc4 0-1

[Event "Frankfurt Ch A 2015"]
[Site "Ffm-Höchst, BiKuZ"]
[Date "2015.06.01"]
[Round "5.25"]
[White "Liebske, Reiner"]
[Black "Breitwieser, Jasmin"]
[Result "0-1"]
[WhiteElo "1771"]
[BlackElo "1925"]
[PlyCount "88"]
[EventDate "2015.??.??"]
[WhiteTeam "SV Frankfurt Nord"]
[BlackTeam "SF Frankfurt"]

1. e4 c5 2. Nf3 e6 3. d4 cxd4 4. Nxd4 Nf6 5. Bd3 d6 6. O-O Nc6 7. c3 Be7 8. Be3
O-O 9. Nd2 Qc7 10. f4 e5 11. Nb5 Qb8 12. f5 a6 13. Na3 b5 14. Nc2 Rd8 15. Qf3
Bb7 16. g4 d5 17. Rad1 Qc7 18. g5 dxe4 19. Nxe4 Nxe4 20. Bxe4 Na5 21. f6 Bxe4
22. Qxe4 Bc5 23. fxg7 Nc4 24. Rxd8+ Rxd8 25. Rf5 Qb6 26. Rxe5 Nxe5 27. Qxe5
Bxe3+ 28. Nxe3 Qe6 29. Qc5 Re8 30. Kf2 Qh3 31. Nf1 Qh4+ 32. Kf3 Qe4+ 33. Kg3
Qe5+ 34. Qxe5 Rxe5 35. Kf4 Re2 36. Ng3 Rf2+ 37. Ke5 Kxg7 38. h4 Rxb2 39. h5
Rxa2 40. Nf5+ Kf8 41. Kf6 Rf2 42. g6 fxg6 43. hxg6 Rxf5+ 44. Kxf5 hxg6+ 0-1

[Event "Frankfurt Ch A 2015"]
[Site "Ffm-Höchst, BiKuZ"]
[Date "2015.06.01"]
[Round "5.26"]
[White "Thole, Markus"]
[Black "Rutsatz, Mario"]
[Result "1-0"]
[WhiteElo "1773"]
[BlackElo "1917"]
[PlyCount "81"]
[EventDate "2015.??.??"]
[WhiteTeam "SG Rödermark"]
[BlackTeam "SF Frankfurt"]

1. e4 e6 2. d4 d5 3. e5 c5 4. c3 Bd7 5. Nf3 Qb6 6. a3 Nc6 7. Be2 Nge7 8. b4
cxd4 9. cxd4 Nf5 10. Bb2 Rc8 11. O-O Be7 12. Kh1 f6 13. g4 Nh6 14. exf6 gxf6
15. Qd2 Nf7 16. Nc3 h5 17. Rg1 Qc7 18. g5 fxg5 19. Nxg5 Nxg5 20. Rxg5 Bf6 21.
Rg6 Kf7 22. Rag1 Ne7 23. Rxf6+ Ke8 24. Rh6 Rf8 25. Bxh5+ Kd8 26. Rh7 Qd6 27.
Rgg7 Be8 28. Bxe8 Rxe8 29. Nb5 Qa6 30. a4 Qxa4 31. Nd6 Rc2 32. Nxb7+ Kc8 33.
Nd6+ Kd7 34. Qf4 Rxb2 35. Nxe8 Qd1+ 36. Kg2 Kc6 37. Rxe7 Kb5 38. Rb7+ Kc4 39.
Rhc7+ Kd3 40. Qf3+ Qxf3+ 41. Kxf3 1-0

[Event "Frankfurt Ch A 2015"]
[Site "Ffm-Höchst, BiKuZ"]
[Date "2015.06.01"]
[Round "5.27"]
[White "Kuhn, Gerhard"]
[Black "Schellen, Sven"]
[Result "1-0"]
[WhiteElo "1912"]
[BlackElo "1729"]
[PlyCount "63"]
[EventDate "2015.??.??"]
[WhiteTeam "SK Marburg"]
[BlackTeam "SF Frankfurt"]

1. e4 e5 2. Nf3 Nc6 3. Nc3 Nf6 4. d4 exd4 5. Nd5 Be7 6. Nxd4 Nxd4 7. Qxd4 c6 8.
Nxe7 Qxe7 9. f3 d5 10. Bg5 dxe4 11. Bxf6 Qxf6 12. Qxf6 gxf6 13. fxe4 Bg4 14.
Bd3 Rd8 15. O-O Ke7 16. Rae1 Be6 17. Rf4 h5 18. g3 Rhg8 19. Ref1 Rg6 20. Kg2 a6
21. a3 Rh6 22. Rh4 c5 23. Rf2 Rd4 24. Rhf4 Bd7 25. Be2 Bc6 26. Bf3 Kd6 27. Rh4
Ke5 28. Re2 f5 29. c3 Ra4 30. exf5+ Kxf5 31. Bxc6 Rxh4 32. Bd7+ 1-0

[Event "Frankfurt Ch A 2015"]
[Site "Ffm-Höchst, BiKuZ"]
[Date "2015.06.01"]
[Round "5.28"]
[White "Bernig, Andreas"]
[Black "Kolker, Vladislav"]
[Result "1-0"]
[WhiteElo "1711"]
[BlackElo "1908"]
[PlyCount "51"]
[EventDate "2015.??.??"]
[WhiteTeam "SV Oberursel"]
[BlackTeam "SC Bad Nauheim"]

1. e4 e5 2. Nf3 Nc6 3. Bc4 Nf6 4. d3 Be7 5. O-O O-O 6. c3 d5 7. exd5 Nxd5 8. h3
Nb6 9. Bb3 Qd6 10. Bc2 f5 11. Ng5 Qg6 12. h4 h6 13. h5 Qf6 14. Nf3 f4 15. d4
Bg4 16. Qd3 Bxh5 17. Qh7+ Kf7 18. Nxe5+ Nxe5 19. dxe5 Qxe5 20. Bd2 Rad8 21. Re1
Qf6 22. Qe4 g5 23. Bb3+ Ke8 24. Qxb7 Bf7 25. Qxc7 Nd5 26. Ba4+ 1-0

[Event "Frankfurt Ch A 2015"]
[Site "Ffm-Höchst, BiKuZ"]
[Date "2015.06.01"]
[Round "5.29"]
[White "Göbel, Andreas"]
[Black "Hinz, André"]
[Result "0-1"]
[WhiteElo "1897"]
[BlackElo "1690"]
[PlyCount "48"]
[EventDate "2015.??.??"]
[WhiteTeam "SC Brett vorm Kopp"]
[BlackTeam "VfB Lettin"]

1. Nf3 Nf6 2. g3 g6 3. Bg2 d5 4. d3 Bg7 5. Nbd2 O-O 6. O-O c6 7. c3 Nbd7 8. Qc2
Ne8 9. e4 dxe4 10. dxe4 Nd6 11. Re1 e5 12. Nf1 Nc5 13. b4 Ne6 14. Ne3 a5 15.
Bb2 Ng5 16. Nxg5 Qxg5 17. Rad1 Qe7 18. a3 Be6 19. c4 axb4 20. axb4 Ra2 21. Rd2
Bh6 22. Qc3 Bxe3 23. Qxe5 Rxb2 24. Qxd6 Qxd6 0-1

[Event "Frankfurt Ch A 2015"]
[Site "Ffm-Höchst, BiKuZ"]
[Date "2015.06.01"]
[Round "5.30"]
[White "Mahnke, Ralf"]
[Black "Illenberger, Dirk"]
[Result "0-1"]
[WhiteElo "1873"]
[BlackElo "1698"]
[PlyCount "130"]
[EventDate "2015.??.??"]
[WhiteTeam "SC Nidderau"]
[BlackTeam "TSG Nieder-Erlenbach"]

1. d4 Nf6 2. c4 c5 3. d5 b5 4. cxb5 a6 5. Nc3 Bb7 6. e4 Qa5 7. Bd2 axb5 8. Nxb5
Qb6 9. Qc2 g6 10. Nf3 Bg7 11. Bc4 d6 12. O-O Nbd7 13. a4 Ba6 14. Na3 O-O 15.
Bxa6 Qxa6 16. Nc4 Rfb8 17. Ra2 Nb6 18. Nxb6 Rxb6 19. Bc3 Rab8 20. Nd2 Qe2 21.
Raa1 Nd7 22. Rfe1 Qa6 23. b3 Bh6 24. Rab1 Qb7 25. Nc4 Rxb3 26. Na5 Rxc3 27.
Rxb7 Rxc2 28. Rxd7 Rbb2 29. Nc6 Rxf2 30. a5 Rxg2+ 31. Kh1 Rxh2+ 32. Kg1 Rbg2+
33. Kf1 Bd2 34. a6 Bxe1 35. a7 Ra2 36. Kg1 Rhg2+ 37. Kf1 Bh4 38. a8=Q+ Rxa8 39.
Kxg2 Kf8 40. e5 Ke8 41. Rb7 dxe5 42. Nxe5 Rd8 43. Rc7 Bf6 44. Nc4 Rxd5 45. Nb6
Rd8 46. Rxc5 Bd4 47. Rc6 Bxb6 48. Rxb6 h5 49. Kg3 f6 50. Kf4 Kf7 51. Rb7 g5+
52. Kf3 f5 53. Rb6 Rd3+ 54. Kf2 e6 55. Rb7+ Kf6 56. Rh7 h4 57. Rh6+ Ke5 58. Rh5
Kf4 59. Rh6 e5 60. Ra6 h3 61. Ra4+ e4 62. Ra1 Rd2+ 63. Kg1 e3 64. Ra4+ Kg3 65.
Kf1 h2 0-1

[Event "Frankfurt Ch A 2015"]
[Site "Ffm-Höchst, BiKuZ"]
[Date "2015.06.01"]
[Round "5.31"]
[White "Kalepky, Helmut"]
[Black "Krischak, Werner"]
[Result "1/2-1/2"]
[WhiteElo "1872"]
[BlackElo "1681"]
[PlyCount "42"]
[EventDate "2015.??.??"]
[WhiteTeam "SF Heidesheim"]
[BlackTeam "SK Marburg"]

1. d4 d5 2. Nf3 Nf6 3. e3 Bg4 4. Be2 e6 5. Nbd2 c5 6. dxc5 Bxc5 7. c3 O-O 8.
O-O Nc6 9. Qa4 a6 10. h3 Bh5 11. Qc2 Bg6 12. Bd3 Bxd3 13. Qxd3 e5 14. Qe2 e4
15. Nd4 Bxd4 16. exd4 Nd7 17. f3 f5 18. fxe4 dxe4 19. a4 Nb6 20. Nc4 Nd5 21.
Ne3 Qd7 1/2-1/2